| 000 | 00345nam a2200145Ia 4500 | ||
|---|---|---|---|
| 008 | 210210b1977 xxu||||| |||| 00| 0 eng d | ||
| 082 | _a304.6 AGAP | ||
| 100 | _aAGARWALA (S N). | ||
| 245 | _aPopulation. Rev Ed 2. | ||
| 250 | _a | ||
| 260 |
_aNew Delhi. _bNot Mentioned _c1977 |
||
| 300 | _a168 | ||
| 690 | _aSocial Change | ||
| 906 | _aSG01138 | ||
| 999 |
_c112686 _d112686 |
||